Los poetas argentinos cantan al libertador

Spremljeno u:
Bibliografski detalji
Glavni autor: Piccirilli, Ricardo (Autor)
Format: Knjiga
Jezik:španjolski
Izdano: Buenos Aires Comisión nacional 1950
Izdanje:1a. ed
Teme:
Oznake: Dodaj oznaku
Bez oznaka, Budi prvi tko označuje ovaj zapis!

MARC

LEADER 00000nam a2200000 a 4500
001 UCI1477
003 CL-VaPUC
008 070629e19500603AG |||||||||||||||||spa|d
082 0 4 |a Ar861  |b PIC  |2 21 
100 0 |a Piccirilli, Ricardo  |e author  |9 522026 
245 1 4 |a Los poetas argentinos cantan al libertador 
250 |a 1a. ed 
300 |a 184 p 
942 |c BK 
945 |d 20070629 00:00:00  |a castudil 
260 |a Buenos Aires  |b Comisión nacional  |c 1950 
650 0 |a Poesía argentina  |9 265575 
650 0 |a Antologías  |9 309836 
651 0 |a Argentina  |9 254888 
583 |a last modification  |c 20121220 08:50:29  |k Rodrigo Vera 
999 |c 326295  |d 326293 
952 |0 0  |1 0  |4 0  |6 AR_861_000000000000000_PIC_1950  |7 0  |8 X  |9 408133  |a FDOMLP  |b FDOMLP  |d 2019-11-22  |i 430652K  |o Ar861 PIC 1950  |p 430652K  |r 2019-11-22  |w 2019-11-22  |y BK_X  |k BU2